000 00940nam a22003137a 4500
003 CHAP
005 20220329134951.0
008 971013s1955 enk r 00010 eng d
010 _a28817
011 _a29789
035 _a33900
040 _cCHAP
082 0 4 _a574.191
_bL43
100 0 0 _aLea, Douglas Edward.
_965254
245 1 _aActions of radiations in living cells
250 _a2 ed.
260 _aCambridge :
_bUniversity Press,
_c1955
300 _a416 p.
504 _aBibliografía: p. 375-397
590 _aBATCH-UPD
_b10
_c20130110
_lUCH01
_h1848
590 _aBATCH-UPD
_b10
_c20130410
_lUCH01
_h1217
590 _aBATCH-UPD
_b10
_c20130914
_lUCH01
_h0942
590 _aCONVERSION
_b10
_c20130109
_lUCH01
_h1316
650 1 4 _aCitología.
_923489
650 1 4 _aRadiación
_xEfectos fisiológicos.
_993677
901 _aBK
942 _cLIBRO
949 _a574.191 L43
_bBC
_cLIBRO
_d33724000387296
_eLIBRO
_h8110
_i33900
_si
_t78.75
999 _c28817
_d28817